European Monarchs - Easy Mode - Statistics

General Stats
  • This quiz has been taken 27 times
  • The average score is 15 of 19
Answer Stats
Hint Answer % Correct
Sun King Louis XIV
100%
Last Tsar Nicholas II
100%
Virgin Queen Elizabeth I
95%
First Emperor of France Napoleon I
95%
Macedonian Emperor Alexander III
91%
Queen of UK for 70 years and 214 days Elizabeth II
91%
English King famous for 6 wives Henry VIII
91%
Terrible because Russia was always at war Ivan III
86%
Norman Conqueror of England William I
86%
First Empress of India Victoria I
82%
Kaiser of Germany during WW2 Wilhelm II
82%
First Christian Roman Emperor Constantine I
73%
Queen of Castille who united Spain with her marriage Isabella I
73%
First Emperor of Rome Augustus I
68%
All Europeans descended from him Charlemagne I
55%
Nephews mysteriously disappeared Richard III
50%
Established Prussia as a great European power Frederick II
45%
Norwegian King who died at Stamford bridge Harold III
45%
United the Franks Clovis I
41%
No matching quizzes found
Score Distribution
Percent of People with Each Score
Percentile by Number Answered
Your Score History
You have not taken this quiz